000 02030nam a2200253Ia 4500
999 _c50700
_d50700
001 17651
003 GE_BSU
005 20200220165146.0
008 181216s2015||||ge |||||||||||||| ||geo||
020 _a19878745
040 _cGE_BSU
041 _ageo
080 _a378.4(479.223)(063)+94(479.223-25) ბ-17
245 _aბათუმი: წარსული და თანამედროვეობა", საერთაშორისო სამეცნ. კონფერენცია ( VI 2015, ბათუმი)
_bVI საერთაშორისო სამეცნიერო კონფერენციის მასალები,ბათუმი,2015 წლის 5-6 სექტემბერი:Proceeding of the international conference Batumi,5-6 September 2015 /
_cსარედ:კოლეგია, ბიჭიკო დიასამიძე, სიმონ გოგიტიძე, ხათუნა დიასამიძე (და სხვ) .
264 _aთბილისი :
_bჯეოპრინტი ,
_c2015.
300 _a392 გვ;
_c27 სმ.
_eფოტ.პორტ.
653 _aკონფერენცია
653 _aსაერთაშორისო სამეცნიერო კონფერენციის მასალები
700 _a დიასამიძე, ბიჭიკო
_eსარედაქციო კოლეგია
_9324
700 _a გოგიტიძე , სიმონ
_eსარედაქციო კოლეგია
_9325
700 _aდიასამიძე, ხათუნა
_eსარედაქციო კოლეგია
_9326
710 _eბათუმის შოთა რუსთაველის სახ.უნ-ტის ნიკო ბერძენიშვილის ინ-ტი,ისტორიისა და არქეოლოგიის განყოფილება
_97291
942 _cBK
_2udc